Obálka Náhled e-knihy:
PDF Epub
Pro půjčování e-knih musíte být přihlášeni.
Jak si půjčit online?

Ochránce /

Život dcery vlivného politika se na první pohled zdá dokonalý – plný luxusu, prestižních škol a zářivých večírků. Pro ni je to však jen robustní klec, ve které musí hrát roli "dokonalé dcery" pro otcovu kampaň. Pod povrchem rodinné idyly ale bují nebezpečná tajemství, korupce a dluhy, kter...

Celý popis

Uloženo v:
Hlavní autor: Iris, Deep (Autor)
Médium: E-kniha
Jazyk:Czech
Vydáno: Praha : SECRET PRESS, 2026
Tagy:
Žádné tagy
LEADER 01586nam a22002297i 4500
001 303256
007 ta
008 260518s2026 xr ||||| |||| 00| 0 cze d
020 |a 9990004271906 
044 |a xr 
100 1 |a  Iris, Deep  |4 aut 
245 1 0 |a Ochránce /  |c  Iris, Deep 
264 1 |a Praha :  |b SECRET PRESS,  |c 2026 
300 |a 1 online zdroj (258 stran) 
336 |a text  |b txt  |2 rdacontent 
337 |a bez média  |b n  |2 rdamedia 
338 |a online zdroj  |b cr  |2 rdacarrier 
520 2 |a Život dcery vlivného politika se na první pohled zdá dokonalý – plný luxusu, prestižních škol a zářivých večírků. Pro ni je to však jen robustní klec, ve které musí hrát roli "dokonalé dcery" pro otcovu kampaň. Pod povrchem rodinné idyly ale bují nebezpečná tajemství, korupce a dluhy, které už nelze dál přehlížet. Vše se změní v jediné vteřině ranní špičky, kdy je její auto zablokováno a ona se stává obětí profesionálně provedeného únosu. Jejím únoscem je muž, který nehledá jen peníze, ale způsob, jak vyrovnat staré účty s jejím otcem. Kdo ji zachrání i ochrání před zlem? 
910 |a RBIT002 
998 |d 427190  |a https://core.palmknihy.cz/api/books/427190/cover?tf6vy1  |b https://core.palmknihy.cz/api/books/427190/cover/400?tf6vy1  |c https://core.palmknihy.cz/api/books/427190/cover/50?tf6vy1  |e 2036-12-31  |g 258  |i 9990004271906  |j https://core.palmknihy.cz/api/books/427190/preview.epub  |k https://core.palmknihy.cz/api/books/427190/preview.pdf  |l   |q 49  |r 1  |s https://www.palmknihy.cz/kniha/427190  |t ebook  |y 2026  |z 1 
999 |d 303254